| 000 | 00634nam a2200205Ia 4500 | ||
|---|---|---|---|
| 003 | OSt | ||
| 005 | 20240508124627.0 | ||
| 008 | 210719s2003 xx 000 0 und d | ||
| 040 | _cAL | ||
| 041 | _aTulu | ||
| 082 | _aT894.2 MUDA | ||
| 100 |
_aMUDUR (T G) _9163754 _dಮುಡೂರ್ (ಟಿ ಜಿ) |
||
| 245 |
_aAmara kalyana kranthi _bಅಮರ ಕಲ್ಯಾಣ ಕ್ರಾಂತಿ |
||
| 260 |
_aPanja _c2003 |
||
| 300 |
_a16 _bPB |
||
| 365 |
_b15 _cRs |
||
| 650 |
_aTulu Drama _9163755 |
||
| 906 | _aakashavani nataka ; Amara ; kalyana ; kalyanappa ; katkayi ; kranthi ; radio play ; sulyada kranti | ||
| 942 |
_2ddc _cBK |
||
| 999 |
_c214765 _d214765 |
||